000
00264nam a22001097a 4500
100
_a
Ali Nadwa, Syed Abu Ul Hasan
245
_a
Naqoosh E Iqbal
260
_a
Karachi :
_b
Service Book Club,
_c
1988.
300
_a
320 p. ;
_b
22 cm.
500
_a
Hardcover.
942
_c
BK
999
_c
34089
_d
34089